| 000 | 00511nam a2200169Ia 4500 | ||
|---|---|---|---|
| 999 |
_c20526 _d20526 |
||
| 003 | OSt | ||
| 005 | 20200606110610.0 | ||
| 008 | 190216s9999||||xx |||||||||||||| ||und|| | ||
| 020 | _a9780195642100 | ||
| 040 | _coclc | ||
| 082 |
_a320.956 _bEIC/M |
||
| 100 |
_aEickelman, Dale F _92580 |
||
| 245 | 0 |
_aMuslim Politics / _cDale F Eickelman ; James Piscatori |
|
| 260 |
_bOxford University Press, _c1997. _aNew Delhi: |
||
| 300 | _a235p | ||
| 942 |
_cBK _2ddc _h320.956 _iEIC/M _k320.956 _mEIC/M |
||